00542nam a2200181 a 45000010010000000030011000100080041000210350026000620820014000881000014001022450043001162600051001596500013002109420012002239520090002359980020003259990015003450000-8938ELIB.Books110520 1983  a(ELIB.Books)0000-9086 a230 bCCA aCCA - CTC aTowarads the Sovereignty of the People bSingapore: Christian Conference of Asia c1983 aTheology 2ddccBK 00102ddc4070aKBTSbKBTSd2011-05-20l0p3632r2022-01-22 00:00:00w2022-01-22yBK cbate2011-05-20 c8938d8938